书目信息 |
| 题名: |
英语专业四级题库与解析
|
|
| 作者: | 申富英 , 刘翠英 , 林璐 主编 | |
| 分册: | ||
| 出版信息: | 大连 大连理工大学出版社 2008.08 |
|
| 页数: | 335页 | |
| 开本: | 26cm | |
| 丛书名: | 冲击波系列 | |
| 单 册: | ||
| 中图分类: | H319.6 | |
| 科图分类: | ||
| 主题词: | 英语--ying yu--高等学校--水平考试--解题 | |
| 电子资源: | ||
| ISBN: | 978-7-5611-4329-2 | |
| 000 | 01217nam 2200301 450 | |
| 001 | 012009252861 | |
| 005 | 20090525172003.32 | |
| 010 | @a978-7-5611-4329-2@dCNY38.80 (含光盘) | |
| 016 | @aCN-Q08-08-0114-0@b光盘 | |
| 100 | @a20090525d2008 em y0chiy0120 ea | |
| 101 | 0 | @achi@aeng |
| 102 | @aCN@b210000 | |
| 105 | @ay z 000yy | |
| 106 | @ar | |
| 200 | 1 | @a英语专业四级题库与解析@Aying yu zhuan ye si ji ti ku yu jie xi@d= 4 test bank and item analysis of TEM-4@f申富英, 刘翠英, 林璐主编@Fshen fu ying,liu cui ying,lin lu zhu bian@zeng |
| 210 | @a大连@c大连理工大学出版社@d2008.08 | |
| 215 | @a335页@d26cm@e光盘1片 | |
| 225 | 2 | @a冲击波系列@Achong ji bo xi lie |
| 330 | @a本书严格按照高校英语专业考试大纲对听、读、写的题型、难度和范围的要求编写而成,其题型设置、重难点的分布和覆盖范围与大纲提供的样题和历年考试真题保持一致,力争做到难度适中。 | |
| 410 | 0 | @12001 @a冲击波系列 |
| 510 | 1 | @a4 test bank and item analysis of TEM-4@zeng |
| 606 | 0 | @a英语@Aying yu@x高等学校@x水平考试@j解题 |
| 690 | @aH319.6@v4 | |
| 701 | 0 | @a申富英@Ashen fu ying@4主编 |
| 701 | 0 | @a刘翠英@Aliu cui ying@4主编 |
| 701 | 0 | @a林璐@Alin lu@4主编 |
| 801 | 0 | @aCN@bQSSK@c20090525 |
| 905 | @b743446-48@dH319.6@eS365@f3 | |
| 英语专业四级题库与解析= 4 test bank and item analysis of TEM-4/申富英, 刘翠英, 林璐主编.-大连:大连理工大学出版社,2008.08 |
| 335页;26cm+光盘1片.-(冲击波系列) |
| ISBN 978-7-5611-4329-2:CNY38.80 (含光盘) |
| 本书严格按照高校英语专业考试大纲对听、读、写的题型、难度和范围的要求编写而成,其题型设置、重难点的分布和覆盖范围与大纲提供的样题和历年考试真题保持一致,力争做到难度适中。 |
| ● |
| 相关链接 |
|
|
|
正题名:英语专业四级题库与解析
索取号:H319.6/S365
 
预约/预借
| 序号 | 登录号 | 条形码 | 馆藏地/架位号 | 状态 | 备注 |
| 1 | 743446 | 207434463 | 自科二线404/209语言库 57排6列6层/ [索取号:H319.6/S365] | 在馆 | |
| 2 | 743447 | 207434472 | 语言库209/209语言库 57排6列6层/ [索取号:H319.6/S365] | 在馆 | |
| 3 | 743448 | 207434481 | 语言库209/209语言库 57排6列6层/ [索取号:H319.6/S365] | 在馆 |